Adaptácia malých a stredných firiem a voľba vhodných reakcií na riziká a deformácie trhu vyvolané finančnou a hospodárskou krízou
Príspevok poukazuje na schopnosť malých a stredných firiem odolávať dôsledkom ekonomickej, finančnej a dlhovej krízy a poskytuje MSP v SR východiská k aplikácii skúseností tohto sektora vo vyspelých ekonomikách členských štátov EÚ. Manažment firiem v období krízy a vnímanie rizík. Adaptácia firiem n...
Enregistré dans:
| Auteur principal: | |
|---|---|
| Autres auteurs: | |
| Format: | Chapitre de livre |
| Langue: | slovaque |
| Sujets: | |
| Tags: |
Pas de tags, Soyez le premier à ajouter un tag!
|
MARC
| LEADER | 00000nla$a2200000$$$4500 | ||
|---|---|---|---|
| 001 | 0146159 | ||
| 005 | 20240502072633.3 | ||
| 041 | 0 | |a slo | |
| 044 | |a SK | ||
| 245 | 1 | 0 | |a Adaptácia malých a stredných firiem a voľba vhodných reakcií na riziká a deformácie trhu vyvolané finančnou a hospodárskou krízou |c Peter Knapik, Ivana Siegl Kniežová |
| 520 | |a Príspevok poukazuje na schopnosť malých a stredných firiem odolávať dôsledkom ekonomickej, finančnej a dlhovej krízy a poskytuje MSP v SR východiská k aplikácii skúseností tohto sektora vo vyspelých ekonomikách členských štátov EÚ. Manažment firiem v období krízy a vnímanie rizík. Adaptácia firiem na meniacu sa situáciu a reakcie na deformácie trhu. | ||
| 610 | 2 | 0 | |a podnik malý |
| 610 | 2 | 0 | |a podnik stredný |
| 610 | 2 | 0 | |a kríza hospodárska |
| 610 | 2 | 0 | |a kríza finančná |
| 610 | 2 | 0 | |a Slovensko |
| 610 | 2 | 0 | |a Európska únia |
| 100 | 1 | |a Knapik, Peter | |
| 700 | 1 | |a Siegl Kniežová, Ivana | |